[Event "Reykjavik op"]
[Site "Reykjavik"]
[Date "2012.03.12"]
[Round "8"]
[White "Thompson, Ian D"]
[Black "Thorsteinsson, Erlingur"]
[Result "1-0"]
[WhiteElo "2255"]
[BlackElo "2129"]
[PlyCount "47"]
[EventDate "2012.03.06"]
[EventType "swiss"]
[EventRounds "9"]
[EventCountry "ISL"]
[SourceTitle "CBM 147 Extra"]
[Source "ChessBase"]
[SourceDate "2012.04.24"]
[SourceVersion "1"]
[SourceVersionDate "2012.04.24"]
[SourceQuality "1"]

1. c4 e5 2. g3 g6 3. d4 exd4 4. Qxd4 Qf6 5. Qd1 Bg7 6. Nf3 Qd8 7. Nc3 Nc6 8. Nd5 d6 9. Bg5 Nce7 10. Bg2 c6 11. Nc3 Be6 12. Qd3 h6 13. Bd2 d5 14. cxd5 Nxd5 15. 0-0 Nxc3 16. Bxc3 Qxd3 17. exd3 Nf6 18. Nd4 Bd5 19. Rfe1+ Kd7 20. Bh3+ Kd8 21. Rac1 Re8 22. Re3 Bxa2 23. Nxc6+ bxc6 24. Ba5# 1-0

[Event "Reykjavik op"]
[Site "Reykjavik"]
[Date "2012.03.09"]
[Round "4"]
[White "Thorsteinsson, Erlingur"]
[Black "Larsen, Karsten"]
[Result "0-1"]
[WhiteElo "2129"]
[BlackElo "2321"]
[PlyCount "184"]
[EventDate "2012.03.06"]
[EventType "swiss"]
[EventRounds "9"]
[EventCountry "ISL"]
[SourceTitle "CBM 147 Extra"]
[Source "ChessBase"]
[SourceDate "2012.04.24"]
[SourceVersion "1"]
[SourceVersionDate "2012.04.24"]
[SourceQuality "1"]

1. Nf3 Nf6 2. b3 g6 3. Bb2 Bg7 4. g3 0-0 5. Bg2 c5 6. 0-0 Nc6 7. d3 d5 8. Nbd2 Qc7 9. Qc1 e5 10. e3 Re8 11. Re1 b6 12. a3 Bb7 13. c4 d4 14. e4 Rf8 15. Rf1 Nh5 16. Qc2 Rae8 17. Rae1 Bh6 18. Re2 Bc8 19. Rfe1 f6 20. h3 Be6 21. Nf1 Qd7 22. Kh2 Kh8 23. Bc1 Bxc1 24. Qxc1 g5 25. Ng1 Rg8 26. Qd1 Ng7 27. Rb2 a5 28. Bf3 Qd6 29. a4 Bf7 30. Kg2 Bg6 31. Nh2 h5 32. Be2 Nd8 33. Qd2 Nde6 34. Ngf3 Kh7 35. Rbb1 Re7 36. Rh1 Ne8 37. Rbe1 Qc6 38. Kg1 Nd6 39. Qd1 Qe8 40. Nf1 Kh8 41. N1d2 Rh7 42. Nh2 Bf7 43. Bf3 Rgg7 44. Kg2 Kg8 45. Reg1 Kf8 46. Kf1 Ke7 47. Qe2 Kd8 48. Ke1 Qh8 49. Nhf1 Be8 50. Kd1 Bd7 51. Kc2 Rh6 52. Nh2 Nc8 53. Bg2 Ne7 54. Nhf3 Ng6 55. Ne1 Qe8 56. Qd1 Rgh7 57. Kb2 Nc7 58. Nc2 Be6 59. Qf1 Qd7 60. h4 Qe7 61. hxg5 fxg5 62. Nf3 Bg4 63. Nh2 Bd7 64. Nf3 Qf6 65. Qe1 h4 66. Qd2 Rh5 67. g4 Bxg4 68. Nh2 Bd7 69. Bf3 R5h6 70. Rxg5 Nf4 71. Rg8+ Ke7 72. Rhg1 Rg6 73. R8xg6 Nxg6 74. Ne1 Nf4 75. Bg4 Rg7 76. f3 Na6 77. Rh1 Nb4 78. Rg1 Qh6 79. Kb1 Be6 80. Rh1 Kd6 81. Bxe6 Kxe6 82. Ng4 Qg5 83. Rh2 h3 84. Rf2 Qh4 85. Rh2 Qg5 86. Rf2 Rh7 87. Rh2 Kd6 88. Rf2 Ke6 89. Rh2 Rh4 90. Ng2 hxg2 91. Rxg2 Rh1+ 92. Kb2 Nfxd3+ 0-1

[Event "Reykjavik op"]
[Site "Reykjavik"]
[Date "2012.03.07"]
[Round "2"]
[White "Arngrimsson, Dagur"]
[Black "Thorsteinsson, Erlingur"]
[Result "1-0"]
[WhiteElo "2361"]
[BlackElo "2129"]
[PlyCount "83"]
[EventDate "2012.03.06"]
[EventType "swiss"]
[EventRounds "9"]
[EventCountry "ISL"]
[SourceTitle "CBM 147 Extra"]
[Source "ChessBase"]
[SourceDate "2012.04.24"]
[SourceVersion "1"]
[SourceVersionDate "2012.04.24"]
[SourceQuality "1"]

1. Nf3 Nf6 2. g3 g6 3. Bg2 Bg7 4. 0-0 0-0 5. d4 d5 6. Ne5 c6 7. c4 Nbd7 8. Nc3 Nxe5 9. dxe5 Ng4 10. cxd5 cxd5 11. Nxd5 Nxe5 12. Bg5 Nc6 13. Rc1 Bxb2 14. Rxc6 bxc6 15. Nxe7+ Kg7 16. Nf5+ Bxf5 17. Bxd8 Rfxd8 18. Qa4 Rac8 19. Bxc6 Rd6 20. Bf3 Rc7 21. Kg2 Bc2 22. Qa5 Rdd7 23. h4 Bc3 24. Qa3 Bd2 25. h5 a5 26. Qb2+ f6 27. Rh1 g5 28. h6+ Kf7 29. Bh5+ Ke6 30. Qb8 f5 31. Be8 Re7 32. Qb6+ Kd5 33. Bc6+ Rxc6 34. Qd8+ Ke6 35. Qxd2 g4 36. Rc1 Rec7 37. f3 gxf3+ 38. exf3 a4 39. Re1+ Kf6 40. Qd8+ Kg6 41. Re6+ Rxe6 42. Qxc7 1-0

[Event "ISL-chT 1112"]
[Site "Reykjavik"]
[Date "2011.10.08"]
[Round "3.4"]
[White "Thorfinnsson, Bjorn"]
[Black "Thorsteinsson, Erlingur"]
[Result "1-0"]
[WhiteElo "2412"]
[BlackElo "2127"]
[PlyCount "83"]
[EventDate "2011.10.07"]
[EventType "team-tourn"]
[EventRounds "7"]
[EventCountry "ISL"]
[SourceTitle "EXT 2012"]
[Source "ChessBase"]
[SourceDate "2011.11.24"]
[SourceVersion "1"]
[SourceVersionDate "2011.11.24"]
[SourceQuality "1"]
[WhiteTeam "Hellir"]
[BlackTeam "Fjolnir"]
[WhiteTeamCountry "ISL"]
[BlackTeamCountry "ISL"]

1. c4 Nf6 2. g3 c6 3. Bg2 d5 4. Nf3 g6 5. 0-0 Bg7 6. Qc2 0-0 7. d3 Na6 8. a3 dxc4 9. Qxc4 Be6 10. Qh4 Re8 11. Nc3 Nc5 12. Bh6 Bh8 13. Be3 Ncd7 14. Rac1 Nf8 15. Bh6 Bc8 16. h3 Ne6 17. e4 Qb6 18. e5 Nd7 19. Be3 Qd8 20. d4 Ndf8 21. Rfd1 Ng7 22. g4 Be6 23. Ng5 Bb3 24. Rd2 Rc8 25. f4 Nge6 26. Nge4 Bd5 27. f5 Nc7 28. Bh6 Bxe4 29. Nxe4 Bg7 30. Rf1 Nd5 31. Rdf2 f6 32. Bxg7 Kxg7 33. g5 Rc7 34. Ng3 Kh8 35. Qh6 e6 36. fxg6 f5 37. Nxf5 exf5 38. Rxf5 Rg7 39. Bxd5 cxd5 40. Rf7 Rxg6 41. Rxf8+ Rg8 42. R1f7 1-0

[Event "ISL-chT 1112"]
[Site "Reykjavik"]
[Date "2011.10.07"]
[Round "1.4"]
[White "Thorsteinsson, Erlingur"]
[Black "Johannesson, Ingvar Thor"]
[Result "1/2-1/2"]
[WhiteElo "2127"]
[BlackElo "2333"]
[PlyCount "146"]
[EventDate "2011.10.07"]
[EventType "team-tourn"]
[EventRounds "7"]
[EventCountry "ISL"]
[SourceTitle "EXT 2012"]
[Source "ChessBase"]
[SourceDate "2011.11.24"]
[SourceVersion "1"]
[SourceVersionDate "2011.11.24"]
[SourceQuality "1"]
[WhiteTeam "Fjolnir"]
[BlackTeam "TV"]
[WhiteTeamCountry "ISL"]
[BlackTeamCountry "ISL"]

1. d4 Nf6 2. g3 e6 3. Bg2 c5 4. e3 Nc6 5. Ne2 d5 6. 0-0 Be7 7. Nd2 cxd4 8. exd4 0-0 9. Re1 Bd7 10. Nf1 Rc8 11. Ne3 Na5 12. Nf4 Bd6 13. Nd3 Qc7 14. c3 Nc4 15. Nxc4 Qxc4 16. Bg5 Ne4 17. Bf4 Bxf4 18. Nxf4 Nf6 19. Nd3 Qc7 20. a4 Rfd8 21. Qb3 Ne8 22. Re2 Nd6 23. Qd1 Be8 24. f4 Nc4 25. Qf1 Nd6 26. Qe1 Bc6 27. Rc2 b6 28. Ne5 Bb7 29. Rf2 Ne4 30. Re2 Ba6 31. Re3 Nd6 32. Bf1 Bxf1 33. Qxf1 Re8 34. Re2 f6 35. Nd3 Qd7 36. Qe1 Ne4 37. Nf2 Nd6 38. a5 Kf7 39. axb6 axb6 40. Nd3 Ra8 41. Nb4 Ne4 42. Kg2 Qb5 43. Rc2 Nd6 44. Rcc1 Nc4 45. Qe2 Qd7 46. Nd3 g6 47. Re1 Nd6 48. Nf2 Qb7 49. Qf3 Rxa1 50. Rxa1 Ra8 51. Re1 Ra2 52. Re2 Nf5 53. Nd3 Ra1 54. Nb4 Qa8 55. Nc2 Rb1 56. Na3 Rc1 57. Qd3 h5 58. Qd2 Ra1 59. Nc2 Ra2 60. Ne3 Nd6 61. Qd3 Qa4 62. Kf3 Qb3 63. Qc2 Qb5 64. Qb1 Qa6 65. Qc2 Qa8 66. Qb3 Qa6 67. Qb4 Ne4 68. Qb3 Ra5 69. c4 dxc4 70. Nxc4 Qb7 71. Qc2 f5 72. Ne5+ Kg8 73. Qc6 Rxe5 1/2-1/2

[Event "Reykjavik op"]
[Site "Reykjavik"]
[Date "2011.03.15"]
[Round "8"]
[White "Sharevich, Anna"]
[Black "Thorsteinsson, Erlingur"]
[Result "1-0"]
[WhiteElo "2323"]
[BlackElo "2110"]
[PlyCount "57"]
[EventDate "2011.03.09"]
[EventType "swiss"]
[EventRounds "9"]
[EventCountry "ISL"]
[SourceTitle "CBM 141 Extra"]
[Source "ChessBase"]
[SourceDate "2011.05.03"]
[SourceVersion "1"]
[SourceVersionDate "2011.05.03"]
[SourceQuality "1"]

1. d4 Nf6 2. c4 g6 3. Nc3 d5 4. cxd5 Nxd5 5. e4 Nxc3 6. bxc3 Bg7 7. Ba3 Nd7 8. Nf3 c5 9. Bc4 0-0 10. 0-0 e6 11. Qe2 Qa5 12. Bb2 Nb6 13. Bb3 cxd4 14. cxd4 Bd7 15. Rfc1 Rfc8 16. Qe3 Na4 17. Ba3 Rc3 18. Rxc3 Qxc3 19. Rc1 Qxe3 20. fxe3 Nb6 21. Rc7 Bc6 22. Ng5 Bh6 23. Nxf7 Bxe3+ 24. Kh1 Re8 25. Nd6 Rf8 26. Bxe6+ Kh8 27. Nf7+ Rxf7 28. Rxf7 Bxd4 29. Bd5 1-0

[Event "Reykjavik op"]
[Site "Reykjavik"]
[Date "2011.03.12"]
[Round "4.44"]
[White "Bisby, Daniel L"]
[Black "Thorsteinsson, Erlingur"]
[Result "1-0"]
[WhiteElo "2306"]
[BlackElo "2110"]
[PlyCount "47"]
[EventDate "2011.03.09"]
[EventType "swiss"]
[EventRounds "9"]
[EventCountry "ISL"]
[SourceTitle "CBM 141 Extra"]
[Source "ChessBase"]
[SourceDate "2011.05.03"]
[SourceVersion "1"]
[SourceVersionDate "2011.05.03"]
[SourceQuality "1"]

1. e4 e5 2. d4 Nf6 3. dxe5 Nxe4 4. Qe2 Nc5 5. Nc3 Nc6 6. Nf3 Ne6 7. Be3 Bb4 8. Qc4 d5 9. exd6 Qxd6 10. Rd1 Qf8 11. a3 Bc5 12. Bxc5 Nxc5 13. b4 Ne6 14. Be2 Bd7 15. 0-0 Qe7 16. Nd5 Qd8 17. b5 Na5 18. Qc3 c6 19. Ne3 Qc7 20. Ne5 Bc8 21. Nf5 0-0 22. Rfe1 cxb5 23. Qxc7 Nxc7 24. Ne7+ 1-0

[Event "Reykjavik op"]
[Site "Reykjavik"]
[Date "2011.03.12"]
[Round "5.53"]
[White "Thorsteinsson, Erlingur"]
[Black "Degtiarev, Evgeny"]
[Result "1-0"]
[WhiteElo "2110"]
[BlackElo "2368"]
[PlyCount "121"]
[EventDate "2011.03.09"]
[EventType "swiss"]
[EventRounds "9"]
[EventCountry "ISL"]
[SourceTitle "CBM 141 Extra"]
[Source "ChessBase"]
[SourceDate "2011.05.03"]
[SourceVersion "1"]
[SourceVersionDate "2011.05.03"]
[SourceQuality "1"]

1. b3 e5 2. Bb2 d6 3. e3 Nf6 4. c4 Qe7 5. Nc3 g6 6. Nf3 Bg7 7. d4 e4 8. Nd2 h5 9. Qc2 Bf5 10. Be2 Nc6 11. a3 Nxd4 12. exd4 e3 13. Qd1 exf2+ 14. Kf1 c6 15. Nf3 Ng4 16. Bc1 Ne3+ 17. Bxe3 Qxe3 18. Qc1 Bxd4 19. Qxe3+ Bxe3 20. Nd1 Bh6 21. Kxf2 0-0-0 22. Ne3 Bd7 23. Rhd1 Kc7 24. Rd3 f5 25. Rad1 Bc8 26. Nc2 g5 27. g3 Rhf8 28. Kg2 a6 29. Re3 g4 30. Re7+ Rd7 31. Rxd7+ Bxd7 32. Nh4 Rf6 33. Kg1 b5 34. Ng2 bxc4 35. Bxc4 a5 36. Rf1 d5 37. Bd3 Kd6 38. b4 axb4 39. axb4 Bg5 40. Nd4 Ke5 41. Ne2 Rh6 42. Ngf4 Be7 43. Bc2 Kf6 44. Nd3 Rh8 45. Nc5 Bxc5+ 46. bxc5 Ra8 47. Bxf5 Bxf5 48. Nd4 Ke5 49. Nxf5 d4 50. Ne7 d3 51. Nxc6+ Kd5 52. Nb4+ Kc4 53. Rf4+ Kc3 54. Nd5+ Kc2 55. Rc4+ Kd1 56. c6 d2 57. Kf2 Rf8+ 58. Rf4 Kc1 59. Ne3 Re8 60. Rc4+ Kb1 61. Ke2 1-0

[Event "Reykjavik op"]
[Site "Reykjavik"]
[Date "2011.03.10"]
[Round "2.62"]
[White "Johannsdottir, Johanna Bjorg"]
[Black "Thorsteinsson, Erlingur"]
[Result "0-1"]
[WhiteElo "1795"]
[BlackElo "2110"]
[PlyCount "34"]
[EventDate "2011.03.09"]
[EventType "swiss"]
[EventRounds "9"]
[EventCountry "ISL"]
[SourceTitle "CBM 141 Extra"]
[Source "ChessBase"]
[SourceDate "2011.05.03"]
[SourceVersion "1"]
[SourceVersionDate "2011.05.03"]
[SourceQuality "1"]

1. e4 a6 2. d4 b5 3. Nf3 Bb7 4. Bd3 Nf6 5. Nbd2 e6 6. 0-0 c5 7. c3 d5 8. Re1 cxd4 9. Nxd4 Nc6 10. N4b3 Ne5 11. Bc2 dxe4 12. Qe2 Nd3 13. Rd1 Nf4 14. Qe3 N6d5 15. Qxe4 Bd6 16. Nf3 Qc7 17. Qd4 Ne2+ 0-1

[Event "Reykjavik op"]
[Site "Reykjavik"]
[Date "2010.03.02"]
[Round "8"]
[White "Kleinert, Juergen"]
[Black "Thorsteinsson, Erlingur"]
[Result "0-1"]
[WhiteElo "2004"]
[BlackElo "2123"]
[PlyCount "48"]
[EventDate "2010.02.24"]
[EventType "swiss"]
[EventRounds "9"]
[EventCountry "ISL"]
[SourceTitle "CBM 135 Extra"]
[Source "ChessBase"]
[SourceDate "2010.05.04"]
[SourceVersion "1"]
[SourceVersionDate "2010.05.04"]
[SourceQuality "1"]

1. e4 e5 2. Nc3 Bc5 3. Bc4 Nf6 4. d3 d6 5. h3 Be6 6. Bxe6 fxe6 7. Nf3 0-0 8. Na4 Bb6 9. Nxb6 axb6 10. c3 Nbd7 11. b4 Qe8 12. g4 d5 13. Qe2 Qg6 14. Nh4 Qf7 15. Rg1 dxe4 16. d4 Nd5 17. g5 Nxc3 18. g6 hxg6 19. Qc2 exd4 20. Nxg6 Qf3 21. Nxf8 Rxf8 22. Bb2 Ne5 23. Rf1 Nd3+ 24. Kd2 Qxf2+ 0-1

[Event "Reykjavik op"]
[Site "Reykjavik"]
[Date "2010.02.26"]
[Round "3"]
[White "Thorsteinsson, Erlingur"]
[Black "Thorfinnsson, Bjorn"]
[Result "0-1"]
[WhiteElo "2123"]
[BlackElo "2383"]
[PlyCount "42"]
[EventDate "2010.02.24"]
[EventType "swiss"]
[EventRounds "9"]
[EventCountry "ISL"]
[SourceTitle "CBM 135 Extra"]
[Source "ChessBase"]
[SourceDate "2010.05.04"]
[SourceVersion "1"]
[SourceVersionDate "2010.05.04"]
[SourceQuality "1"]

1. Nf3 Nf6 2. d4 e6 3. Nbd2 c5 4. e3 b6 5. Bd3 Bb7 6. Qe2 Nc6 7. c3 Rc8 8. dxc5 Bxc5 9. Nb3 Be7 10. e4 d5 11. exd5 Qxd5 12. Bg5 h6 13. 0-0-0 Nd4 14. Nbxd4 hxg5 15. Bb5+ Kf8 16. Rhe1 Qxa2 17. Nxg5 Rxc3+ 18. Nc2 Qa1+ 19. Kd2 Qxb2 20. Rc1 Rh4 21. Kd1 Rd4+ 0-1

[Event "Reykjavik op"]
[Site "Reykjavik"]
[Date "2009.04.01"]
[Round "9"]
[White "Thorsteinsson, Erlingur"]
[Black "Filosof, Asi"]
[Result "1-0"]
[WhiteElo "2130"]
[BlackElo "1986"]
[PlyCount "97"]
[EventDate "2009.03.24"]
[EventType "swiss"]
[EventRounds "9"]
[EventCountry "ISL"]
[SourceTitle "CBM 129 Extra"]
[Source "ChessBase"]
[SourceDate "2009.05.05"]
[SourceVersion "2"]
[SourceVersionDate "2009.05.20"]
[SourceQuality "1"]

1. Nf3 g6 2. e4 Bg7 3. d4 d6 4. Nc3 Nd7 5. Bc4 e6 6. Bg5 Ne7 7. Qd2 h6 8. Be3 a6 9. a4 b6 10. 0-0 Bb7 11. Rfe1 Nf6 12. d5 e5 13. h3 g5 14. Nh2 Ng6 15. Bf1 0-0 16. Ng4 Bc8 17. Nxf6+ Bxf6 18. Ne2 h5 19. Ng3 Nf4 20. c4 h4 21. Nf5 Bxf5 22. exf5 Qd7 23. g3 Qxf5 24. Kh2 Ng6 25. a5 bxa5 26. Rxa5 e4 27. Bg2 Ne5 28. Ra4 Rfe8 29. b3 g4 30. Bf4 Nf3+ 31. Bxf3 exf3 32. Ra2 gxh3 33. Qd1 Rxe1 34. Qxe1 Kg7 35. Qe3 hxg3+ 36. fxg3 Qb1 37. Rf2 Qa1 38. Qxf3 Re8 39. Qg4+ Kf8 40. Bh6+ Bg7 41. Qd7 Re7 42. Qd8+ Re8 43. Qxc7 Re7 44. Qd8+ Re8 45. Qxd6+ Kg8 46. Bxg7 Qxg7 47. Qf4 Qg6 48. d6 Re4 49. d7 1-0